Szczegóły MARC21

Gramatyka opisowa współczesnego języka rosyjskiego. Cz. 4, Składnia /

003 -Nazwa inst., której nr kontr. jest w polu 001 [,]
    • @
    • Nazwa instytucji, której n kontrolny jest w polu 001
    • NUKAT
005 -DATA I CZAS OSTATNIEJ MODYFIKACJI [,]
    • @
    • pole kontrolne
    • 20241231101941.0
020 -Międzynarod. znormalizowany nr książki - ISBN [ , ]
    • a
    • Numer ISBN
    • 8301067888 Find
040 -Instytucja sporządzająca opis [ , ]
    • a
    • Instytucja, która sporządziła opis (NP)
    • GD U/AJ
    • c
    • Instytucja, która sporządziła rekord (NP)
    • GD U/AJ
    • d
    • Instytucja, która zmodyfikowała rekord (P)
    • GD U/AJ
    • d
    • Instytucja, która zmodyfikowała rekord (P)
    • GD U/ISSs
942 -Rodzaj dokumentu [ , ]
    • c
    • Rodzaj dokumentu
    • Książka
100 -Hasło główne - nazwa osobowa [1, ]
    • a
    • Nazwa osobowa (NP)
    • Lûkšin, Ûrij
    • d
    • Daty biograficzne (NP)
    • (1937-2023).
    • 9
    • KHW
    • 19025
245 -Strefa tytułu i oznaczenia odpowiedzialności [1,0]
    • a
    • Tytuł
    • Gramatyka opisowa współczesnego języka rosyjskiego. Find
    • n
    • Oznaczenie części (P)
    • Cz. 4,
    • p
    • Nazwa części (P)
    • Składnia /
    • c
    • Pozostałe elementy strefy tytułu i oznaczenia odpowiedzialności (NP)
    • Jurij Lukszyn ; pod red. Alberta Bartoszewicza i Jana Wawrzyńczyka.
260 -Strefa adresu wydawniczego [ , ]
    • a
    • Miejsce wydania (P)
    • Warszawa :
    • b
    • Nazwa wydawcy (P)
    • Państwowe Wydaw. Naukowe,
    • c
    • Data wydania (P)
    • 1987.
300 -Strefa opisu fizycznego [ , ]
    • a
    • Określenie formy książki i/lub objętość (NP)
    • 185, [2] s. ;
    • c
    • Format (NP)
    • 24 cm.
336 -Typ zawartości [ , ]
    • a
    • Termin opisujący typ zawartości
    • Tekst
    • b
    • Kod określający zawartość
    • txt
    • 2
    • Źródło (terminu i kodu)
    • rdacontent
337 -Typ mediów [ , ]
    • a
    • Tryb odtwarzania
    • Bez urządzenia pośredniczącego
    • b
    • Kod typu mediów
    • n
    • 2
    • Źródło (terminu i kodu)
    • rdamedia
338 -Typ/rodzaj nośnika [ , ]
    • a
    • Hasło opisujące typ nośnika
    • Wolumin
    • b
    • Kod typu nośnika
    • nc
    • 2
    • Źródło (terminu i kodu)
    • rdacarrier
504 -Uwaga dot. bibliogr. załącznikowej [ , ]
    • a
    • Uwaga dot. bibliografii załącznikowej
    • Bibliogr. s. 185-[187].
521 -Uwaga dot. przeznaczenia czytelniczego [8, ]
    • a
    • Uwaga dot. przeznaczenia czytelniczego
    • Skrypt dla studentów filologii ros.
080 -Uniwersalna Klasyfikacja Dziesiętna [ , ]
    • 2
    • Identyfikator wydania tablic
    • UDC-P058
    • 9
    • UKD
    • 19026
    • a
    • Symbol klasyfikacji
    • 811.161.1'367
    • b
    • Dopowiedzenie
    • Język rosyjski. - Składnia. Syntaktyka. Zdania.
    • 4
    • UKD2
    • 7665
    • x
    • Poddział wspólny
    • (075.8)
    • c
    • Dopowiedzenie poddz. wspólnego
    • (Podręczniki dla szkół wyższych. Skrypty).
080 -Uniwersalna Klasyfikacja Dziesiętna [ , ]
    • 2
    • Identyfikator wydania tablic
    • UDC-P058
    • 9
    • UKD
    • 19024
    • a
    • Symbol klasyfikacji
    • 811.161.1'36
    • b
    • Dopowiedzenie
    • Język rosyjski. - Gramatyka. Gramatyka generatywna.
    • 4
    • UKD2
    • 7665
    • x
    • Poddział wspólny
    • (075.8)
    • c
    • Dopowiedzenie poddz. wspólnego
    • (Podręczniki dla szkół wyższych. Skrypty).
650 -Hasło przedmiotowe [ ,7]
    • a
    • Hasło przedmiotowe
    • Język rosyjski
    • x
    • Określnik rzeczowy
    • gramatyka
    • v
    • Określnik formalny
    • podręczniki akademickie.
    • 2
    • Źródło terminu
    • kaba
    • 9
    • KHW
    • 378586
980 -Symbol UKD [ , ]
    • a
    • UKD
    • 811.161.1'367'36](075.8)
700 -Hasło dodatkowe - nazwa osobowa [1, ]
    • a
    • Nazwa osobowa (NP)
    • Bartoszewicz, Albert Find
    • d
    • Daty biograficzne (NP)
    • (1942-2001).
    • e
    • Określenie rodzaju współpracy
    • Red.
    • 9
    • KHW
    • 19027
700 -Hasło dodatkowe - nazwa osobowa [1, ]
    • a
    • Nazwa osobowa (NP)
    • Wawrzyńczyk, Jan Find
    • d
    • Daty biograficzne (NP)
    • (1944-2021).
    • e
    • Określenie rodzaju współpracy
    • Red.
    • 9
    • KHW
    • 15566
710 -Hasło dodatkowe - nazwa ciała zbiorowego [2, ]
    • a
    • Nazwa ciała zbiorowego lub nazwa geograficzna jako pierwszy element (NP)
    • Państwowe Wydawnictwo Naukowe (1951-1992).
    • 4
    • Kod relacji
    • pbl
    • 9
    • KHW
    • 52048
920 -ISBN [ , ]
    • a
    • ISBN
    • 83-01-06788-8 Find
Sygnatura Numer inwentarzowy Status udost. Uwagi nie widoczne w OPAC Data inwentaryzacji Lokalizacja
Z.68936Z.668391retrokonwersja BG
 W.141739-3retrokonwersja BG
 W.141740-3retrokonwersja BG
 W.141741-3retrokonwersja BG
 W.141742-3retrokonwersja BG
 W.142752-3retrokonwersja BG
 W.142753-3retrokonwersja BG
 W.142754-3retrokonwersja BG
 W.142755-3retrokonwersja BG
 W.142756-3retrokonwersja BG
 W.142757-3retrokonwersja BG
 W.142758-3retrokonwersja BG
 W.156461-3retrokonwersja BG
 W.156462-3retrokonwersja BG
 W.156463-3retrokonwersja BG
 W.156464-3retrokonwersja BG
 W.156465-3retrokonwersja BG
 W.1564662retrokonwersja BG
 W.1564672retrokonwersja BG
W.132902W.1564682retrokonwersja BG
 W.1564692retrokonwersja BG
 W.1527302  BG
 W.1527312  BG
 W.1527332  BG
 W.1527342  BG
 W.1527352  BG
 W.1527362  BG
 W.1527372  BG
 W.1527382  BG
 W.1527392  BG
 W.152740-3  BG
 W.152741-3  BG
 W.152742-3  BG
 W.152743-3  BG
 W.152744-3  BG
 R.5097-6retrokonwersja BM
ROS. Gramatyka 20R.45501  BM